| 000 | 00905nam a2200181Ia 4500 | ||
|---|---|---|---|
| 008 | 090124s9999 xx 000 0 und d | ||
| 082 |
_b31439 _a1831 |
||
| 100 | _aपुंड स्वानंद | ||
| 245 | _a सर्ववेदांतसिध्दांत सारसंग्रह (श्रीमद् आद्य शंकराचार्य कृत) | ||
| 250 | _a1 | ||
| 260 | _c2001 | ||
| 300 | _a368 | ||
| 600 | _aपुंड स्वानंद | ||
| 630 | _a सर्ववेदांतसिध्दांत सारसंग्रह (श्रीमद् आद्य शंकराचार्य कृत) | ||
| 700 | _aपुंड स्वानंद | ||
| 730 | _a सर्ववेदांतसिध्दांत सारसंग्रह (श्रीमद् आद्य शंकराचार्य कृत) | ||
| 942 | _cBOOK | ||
| 999 |
_c144918 _d144918 |
||